<?xml version="1.0" encoding="UTF-8"?>
<collection xmlns="http://www.loc.gov/MARC21/slim">
 <record>
  <leader>01974nam a2200229Ia 4500</leader>
  <controlfield tag="001">CTU_164563</controlfield>
  <controlfield tag="008">210402s9999    xx            000 0 und d</controlfield>
  <datafield tag="082" ind1=" " ind2=" ">
   <subfield code="a">959.731</subfield>
  </datafield>
  <datafield tag="082" ind1=" " ind2=" ">
   <subfield code="b">D305/T.2</subfield>
  </datafield>
  <datafield tag="100" ind1=" " ind2=" ">
   <subfield code="a">Đào, Thị Diến</subfield>
  </datafield>
  <datafield tag="245" ind1=" " ind2="0">
   <subfield code="a">Hà Nội qua tài liệu và tư liệu lưu trữ :</subfield>
  </datafield>
  <datafield tag="245" ind1=" " ind2="0">
   <subfield code="b">1873 - 1954</subfield>
  </datafield>
  <datafield tag="245" ind1=" " ind2="0">
   <subfield code="c">Đào Thị Diến (chủ biên)</subfield>
  </datafield>
  <datafield tag="260" ind1=" " ind2=" ">
   <subfield code="a">Hà Nội</subfield>
  </datafield>
  <datafield tag="260" ind1=" " ind2=" ">
   <subfield code="b">Nxb Hà Nội</subfield>
  </datafield>
  <datafield tag="260" ind1=" " ind2=" ">
   <subfield code="c">2010</subfield>
  </datafield>
  <datafield tag="520" ind1=" " ind2=" ">
   <subfield code="a">Căn cứ vào tiến trình lịch sử của sự hình thành và phát triển Thành phố Hà Nội từ khi Pháp bắt đầu mở rộng chiến tranh xâm lược Trung - Bắc kỳ, dùng vũ lực quân sự kết hợp với các thủ đoạn chính trị để chiếm và biến Hà Nội thành “đất bảo hộ” cho đến ngày Thủ đô hoàn toàn được giải phóng; Căn cứ vào nguốn tài liệu hiện đang được bảo quản tại Trung tâm Lưu trữ Quốc gia I phản ánh chính xác tiến trình lịch sử nêu trên, đề tài phản ánh:  Sự hình thành và phát triển về mặt địa giới - tổ chức hành chính Thành phố Hà Nội; Sự hình thành các hệ thống giao thông - thuỷ lợi của Thành phố Hà Nội; Vấn đề quy hoạch và quá trình xây dựng Thành phố Hà Nội; Chính sách văn hoá - giáo dục của Thành phố Hà Nội từ 1873 đến 1954</subfield>
  </datafield>
  <datafield tag="650" ind1=" " ind2=" ">
   <subfield code="a">Planning,Hà Nội (Việt Nam),Qui hoạch,Education,Giáo dục</subfield>
  </datafield>
  <datafield tag="650" ind1=" " ind2=" ">
   <subfield code="x">Hành chính và tổ chức chính trị</subfield>
  </datafield>
  <datafield tag="650" ind1=" " ind2=" ">
   <subfield code="z">Hanoi (Vietnam),Hà Nội (Việt Nam),Hanoi (Vietnam),Hà Nội (Việt Nam)</subfield>
  </datafield>
  <datafield tag="904" ind1=" " ind2=" ">
   <subfield code="i">Năm</subfield>
  </datafield>
  <datafield tag="980" ind1=" " ind2=" ">
   <subfield code="a">Trung tâm Học liệu Trường Đại học Cần Thơ</subfield>
  </datafield>
 </record>
</collection>
